Normal view
MARC view
- Megginson, Leon.C,Byrd, Mary Jane,Megginson, William.L
Entry Personal Name
001 - CONTROL NUMBER
- control field: 61447
003 - CONTROL NUMBER IDENTIFIER
- control field: NUST
005 - DATE AND TIME OF LATEST TRANSACTION
- control field: 20210628202744.0
008 - FIXED-LENGTH DATA ELEMENTS
- fixed length control field: 210628|| aca||aabn | a|a d
040 ## - CATALOGING SOURCE
- Original cataloging agency: NUST
- Transcribing agency: NUST
100 ## - HEADING--PERSONAL NAME
- Personal name: Megginson, Leon.C,Byrd, Mary Jane,Megginson, William.L
670 ## - SOURCE DATA FOUND
- Source citation: Work cat.: (NUST): Megginson, Leon.C,Byrd, Mary Jane,Megginson, William.L, Small business management an entrepreneur's guidebook, 2006
